مكتبة جامعة عجلون الوطنية

فهرس بحث المكتبة

Normal view MARC view
  • أمين، سمير

Entry Personal Name

Number of records used in: 1

001 - CONTROL NUMBER

  • control field: 14589

003 - CONTROL NUMBER IDENTIFIER

  • control field: JO-AjAnu

005 - DATE AND TIME OF LATEST TRANSACTION

  • control field: 20230606072629.0

008 - FIXED-LENGTH DATA ELEMENTS

  • fixed length control field: 230606|| aca||aabn | a|a d

040 ## - CATALOGING SOURCE

  • Original cataloging agency: JO-AjAnu
  • Transcribing agency: JO-AjAnu

100 ## - HEADING--PERSONAL NAME

  • Personal name: أمين، سمير

670 ## - SOURCE DATA FOUND

  • Source citation: Work cat.: (JO-AjAnu)7494: أمين، سمير, author, بعض قضايا للمستقبل: تاملات خول تحديات العالم المعاصر